| 000 | 00565nam a2200145Ia 4500 | ||
|---|---|---|---|
| 008 | 151213s9999 xx 000 0 und d | ||
| 100 | _aসৈয়দ আবুল মকসুদ | ||
| 245 |
_aসৈয়দ ওয়ালীউল্লাহর জীবন ও সাহিত্য। _cসৈয়দ আবুল মকসুদ |
||
| 260 |
_aঢাকা _bমির্নাভা বকস্ _c1981 |
||
| 300 | _a8414 p. | ||
| 650 | _aBangla | ||
| 650 | _aBengali Literature | ||
| 700 | _aসৈয়দ আবুল মকসুদ | ||
| 999 |
_c4252 _d4252 |
||